Anuario fiscal 2000 (Registro nro. 158952)

Detalles MARC
000 -LEADER
fixed length control field 01220ny a22003133n 4500
008 - FIXED-LENGTH DATA ELEMENTS--GENERAL INFORMATION
fixed length control field 080508t2001 sp s 000 0 spa c
020 ## - INTERNATIONAL STANDARD BOOK NUMBER
International Standard Book Number 8484940012
035 ## -
-- 204
040 ## - CATALOGING SOURCE
Original cataloging agency UMA.RE
Modifying agency vLex
080 ## -
-- 336.2:351.713(460)(0.034)
080 ## -
-- 351.713(460)(0.034)
080 ## -
-- 351.713:336.2(460)(0.034)
090 ## -
-- 422
-- 422
110 1# - MAIN ENTRY--CORPORATE NAME
Corporate name or jurisdiction name as entry element España
240 10 -
-- Leyes, etc., Impuestos
245 10 - TITLE STATEMENT
Title Anuario fiscal 2000
Medium [Recurso electrónico]
Statement of responsibility, etc Rafael Calvo Ortega (dirección)... [et al.]
256 ## -
-- Servicio en línea
260 ## - PUBLICATION, DISTRIBUTION, ETC. (IMPRINT)
Place of publication, distribution, etc Madrid:
Name of publisher, distributor, etc Erdesa,
Date of publication, distribution, etc 2001
300 ## - PHYSICAL DESCRIPTION
Extent p. ;
Dimensions cm
506 1# - RESTRICTIONS ON ACCESS NOTE
Terms governing access Contenido solo disponible en los productos indicados
Authorized users vLex Global
-- vLex Global (Academic Edition, excluding Law Schools)
-- vLex Global (U.S. Academic Edition, Law Schools)
-- vLex Global (U.S. Academic Edition, excluding Law Schools)
-- vLex Global (Academic Edition, Law Schools)
650 07 - SUBJECT ADDED ENTRY--TOPICAL TERM
Topical term or geographic name as entry element Tributario
Source of heading or term Tesauro vLex
650 07 - SUBJECT ADDED ENTRY--TOPICAL TERM
Topical term or geographic name as entry element Derecho tributario
Source of heading or term Tesauro vLex
650 07 - SUBJECT ADDED ENTRY--TOPICAL TERM
Topical term or geographic name as entry element Derecho fiscal
Source of heading or term Tesauro vLex
700 1# - ADDED ENTRY--PERSONAL NAME
Personal name Calvo Ortega, Rafael,
Relator term dir.
740 0# -
-- vLex Libros (Servicios en línea)
856 40 - LOCALIZACIÓN Y ACCESO ELECTRÓNICO
Identificador Uniforme del Recurso (URI/URL) https://app.vlex.com/#/sources/204
942 ## -
-- RAA
999 ## -
-- 158952
-- 158952

No hay ítems disponibles.


CONTACTO


NOSOTROS


SITIOS DE INTERES

coordinacion.biblioteca.biblioteca@unienlinea.mx Misión, Visión y Objetivos Bases de datos
Directorio Bibliotecas Digitales y Repositorios
Normatividad Revistas y artículos
Convenios interbibliotecarios
Boletines



Hecho en México. Universidad Insurgentes (UIN). Todos los derechos reservados 2024. Esta página y sus contenidos pueden ser reproducidos con fines no lucrativos, siempre y cuando no se mutile, se cite la fuente completa y su dirección electrónicas. De otra forma requiere permiso previo por escrito de la institución




2024 Copyright Universidad Insurgentes | www.bibliouin.com.mx